1534 1544 1132 1262 1746 1405 1579 1906 1056 1563 1587 1362 1522 1607 1247 1827 1273 1303 1995 1767 1808 1021 1349 1239 1191 1951 1180 1738 1963 1895 1825 1992 1092 1504 1861 1828 1442 1056 1777 1196 1099 1746 1459 1982 1828 1632 1598 1752 1919 1778 1526 1448 1455 1759 1801 1199 1101 1179 1428 1983 1037 1910 1238 1325 1917 1938 1708 1410 1891 1393 1123 1591 1537 1786 1932 1221 1384 1603 1792 1780 1030 1149 1102 1901 1728 1684 1886 1077 1045 1387 1632 1945 1739 1638 1476 1238 1135 1244 1948 BCNSPRNW ULIB Ver.6.0+V

เปลี่ยนเป็นภาษาไทย

Change to English
 แสดงรายละเอียดบรรณานุกรม
  กลับหน้าหลัก

Brief Record : Get Marc (ISO 2709) : E-mail record : QR code < ปิดหน้าต่าง
LEADER : 00000nam 2200000uu 4500
001    13399112549
003     ULIB
008    110824s2554||||th 000 0 tha d
020    9786165020749
090    นว.^bจ195 2554
100 0  จอมจินดา
245 00 พรหมพยศกบฎหัวใจ/^cจอมจินดา
250    พิมพ์ครั้งที่ 1
260    กรุงเทพฯ :^bSubar Beat,^c2554
300    327 หน้า
945    ^p220^l0^i18518
995    กัณชพร
999    ^aใช้งานได้ทุกระบบ
รายการนี้ยังไม่มีแท็ก
คุณยังไม่ได้ล็อกอิน คุณสามารถมีกิจกรรมร่วมกับเว็บไซต์ได้ แต่ต้องล็อกอินก่อน ::
  ล็อกอิน

รายการสื่อสารสนเทศ

ลำดับที่ ประเภท เลขเรียก/บาร์โค้ด สถานที่ สถานะ
1. นวนิยาย
นวนิยาย
นว. จ195 2554  
  Barcode: 18518
ห้องสมุดวิทยาเขตสวรรค์ประชารักษ์
►นวนิยาย
บนชั้น
  ขอยืม

รายการใกล้เคียง
    ผู้แต่ง [จอมจินดา]

BibComment


ยังไม่เคยถูกคอมเมนท์

คอมเมนท์ทรัพยากรรายการนี้
  คอมเมนท์: พรหมพยศกบฎหัวใจ จ..


 Copyright 2026. Bcnsprnw @Library